প্রশাসনিক পরিভাষা / (Record no. 40133)
[ view plain ]
| 000 -LEADER | |
|---|---|
| fixed length control field | 00976nam a2200253 a 4500 |
| 001 - CONTROL NUMBER | |
| control field | 40133 |
| 003 - CONTROL NUMBER IDENTIFIER | |
| rucl marc code | BD-RjUL |
| 005 - DATE AND TIME OF LATEST TRANSACTION | |
| control field | 20211209053137.0 |
| 008 - FIXED-LENGTH DATA ELEMENTS--GENERAL INFORMATION | |
| fixed length control field | 160423r19761975bg ||||| |||| 00| 0 ben d |
| 020 ## - INTERNATIONAL STANDARD BOOK NUMBER | |
| Terms of availability | : TK 15.00 |
| 035 ## - SYSTEM CONTROL NUMBER | |
| System control number | (BD-RjUL)40248 |
| 040 ## - CATALOGING SOURCE | |
| Original cataloging agency | BD-RjUL |
| Language of cataloging | ben |
| Transcribing agency | BD-RjUL |
| 041 ## - LANGUAGE CODE | |
| Language code of text/sound track or separate title | ben |
| 082 ## - DEWEY DECIMAL CLASSIFICATION NUMBER | |
| Edition number | 23 |
| Classification number | 351.03 |
| Author mark and year | PRA 1976 |
| 245 00 - TITLE STATEMENT | |
| Title | প্রশাসনিক পরিভাষা / |
| Statement of responsibility, etc. | বাংলা একাডেমী কর্তৃক সংকলিত |
| 260 ## - PUBLICATION, DISTRIBUTION, ETC. (IMPRINT) | |
| Place of publication, distribution, etc. | ঢাকা : |
| Name of publisher, distributor, etc. | বাংলা একাডেমী, |
| Date of publication, distribution, etc. | ১৯৭৫-১৯৭৬ |
| 300 ## - PHYSICAL DESCRIPTION | |
| Pagination | [১০], ২৮৪ পৃ. ; |
| Size | ২১ সেমি |
| 490 ## - SERIES STATEMENT | |
| Series statement | বাএ ; |
| Volume/sequential designation | ৬৬৯ |
| 650 ## - SUBJECT ADDED ENTRY--TOPICAL TERM | |
| Topical term or geographic name as entry element | লোক প্রশাসন |
| General subdivision | অভিধান |
| 9 (RLIN) | 123579 |
| Topical term or geographic name as entry element | Public Addministration |
| General subdivision | Dictionaries |
| 9 (RLIN) | 123580 |
| 710 ## - ADDED ENTRY--CORPORATE NAME | |
| Corporate name or jurisdiction name as entry element | বাংলা একাডেমী, সংকলক |
| 9 (RLIN) | 223474 |
| 830 ## - SERIES ADDED ENTRY--UNIFORM TITLE | |
| Uniform title | বাএ ; |
| Volume number/sequential designation | ৬৬৯ |
| 942 ## - ADDED ENTRY ELEMENTS (KOHA) | |
| Source of classification or shelving scheme | Dewey Decimal Classification |
| Koha item type | Books |
| Lost status | Source of classification or shelving scheme | Damaged status | Not for loan | Collection code | Permanent Location | Current Location | Shelving location | Date acquired | Source of acquisition | Cost, normal purchase price | Total Checkouts | Full call number | Date last seen | Copy number | Koha item type |
|---|---|---|---|---|---|---|---|---|---|---|---|---|---|---|---|
| Dewey Decimal Classification | Not For Loan | Reference | Central Library, University of Rajshahi | Central Library, University of Rajshahi | 27/06/1977 | Eureka Book Agency, Rajshahi | 15.00 | BR 351.03 PRA 1976 | 23/04/2016 | C-2 | Reference | ||||
| Dewey Decimal Classification | Non-fiction | Central Library, University of Rajshahi | Central Library, University of Rajshahi | 27/06/1977 | Eureka Book Agency, Rajshahi | 15.00 | B 351.03 PRA 1975 | 16/07/2016 | C-3 | Books | |||||
| Dewey Decimal Classification | Non-fiction | Central Library, University of Rajshahi | Central Library, University of Rajshahi | 29/06/1977 | Eureka Book Agency, Rajshahi | 15.00 | B 351.03 PRA 1976 | 04/08/2016 | C-4 | Books | |||||
| Dewey Decimal Classification | Non-fiction | Central Library, University of Rajshahi | Central Library, University of Rajshahi | 29/06/1977 | Eureka Book Agency, Rajshahi | 15.00 | B 351.03 PRA 1975 | 04/08/2016 | C-6 | Books | |||||
| Dewey Decimal Classification | Non-fiction | Central Library, University of Rajshahi | Central Library, University of Rajshahi | 29/06/1977 | Eureka Book Agency, Rajshahi | 15.00 | B 351.03 PRA 1976 | 08/04/2025 | C-7 | Books | |||||
| Dewey Decimal Classification | Non-fiction | Central Library, University of Rajshahi | Central Library, University of Rajshahi | 14/08/1975 | Bangla Academy, Dhaka | 15.00 | B 351.03 PRA 1975 | 26/09/2016 | C-8 | Books | |||||
| Dewey Decimal Classification | Non-fiction | Central Library, University of Rajshahi | Central Library, University of Rajshahi | 23/02/1986 | Bangla Academy, Dhaka | 15.00 | B 351.03 PRA 1976 | 22/11/2016 | C-9 | Books | |||||
| Dewey Decimal Classification | Not For Loan | Non-fiction | Central Library, University of Rajshahi | Central Library, University of Rajshahi | Reading Room | 14/08/1975 | Bangla Academy, Dhaka | 15.00 | BR 351.03 PRA 1975 | 25/01/2017 | C-1 | Reference | |||
| Dewey Decimal Classification | Non-fiction | Central Library, University of Rajshahi | Central Library, University of Rajshahi | 29/06/1977 | Bangla Academy, Dhaka | 15.00 | B 351.03 PRA 1976 | 03/05/2017 | C-5 | Books |